000 01047nam a22002057a 4500
003 OSt
005 20201202084418.0
008 201202b 1966 sp ac00| 0 eng d
040 _aDO-SdBNP
_bspa
_cBNPHU
082 _a929
_bH675A
100 1 _aGisevius, Hans Bernd
_977478
245 1 0 _aAdolf Hitler /
_cHans Bernd Gisevius ; traducción de Manuel Vazquez.
260 _aBuenos Aires :
_bPlaza y Janes,
300 _a685 p. :
_bil.,
_c22 cm.
505 _tEl visionario de su propio futuro --
_tEl transgresor --
_tEl legalista. (Berlín, 30 de enero de 1933) --
_tEl legalista. (Berlín, 2 de agosto de 1934) --
_tEl liquidador. (Viena, 13 de marzo de 1938) --
_tEl triunfador (Compiegne, 22 de junio de 1940) --
_tEl usurpador. (Cuartel General de Fühner, 22 de junio de 1941) --
_tEl fracasado. (Stalingrado, 2 de febrero de 1943) --
_tEl peregrino sin rumbo. (Berlín, 30 de abril de 1945).
590 _aInventariado, 2020 /LP
600 1 4 _aHitler, Adolf
_d1889-1945
_vBiografías
_977479
700 1 _aVazquez, Manuel
_etr.
_953537
942 _2ddc
_cLBS1
999 _c49225
_d49225